| 000 | 00666nam a2200205Ia 4500 | ||
|---|---|---|---|
| 999 |
_c9301 _d9301 |
||
| 005 | 20230913164138.0 | ||
| 008 | 230912s9999 xx 000 0 und d | ||
| 020 | _a60425768 | ||
| 040 |
_aUPAN _cBiblioteca San Vicente _eRCAA2 |
||
| 041 | _aeng | ||
| 082 |
_a910 _bH145g _c1975 |
||
| 100 |
_aHaggett, Peter _4aut. |
||
| 245 | 0 |
_aGeography a modern Synthesis/ _bPeter Haggett |
|
| 250 | _a2° ed. | ||
| 260 |
_as.l.: _bHapper, _c1975 |
||
| 300 |
_a620 p.; _c24 cm. |
||
| 505 | _a1. The environmental challenge 2. Man`s ecological response 3. Regional mosaics 4. Regional hierarchies 5. Interregional stresses | ||
| 650 |
_2LEMB _xGeografía |
||
| 942 |
_cBK _2ddc |
||